Statistics for African Countries With Six Letters

Click here to take the quiz!

General Stats

  • This quiz has been taken 86 times
  • The average score is 5 of 7

Answer Stats

country% Correct
Zambia
81%
Angola
73%
Gambia
73%
Malawi
69%
Rwanda
69%
Uganda
64%
Guinea
57%

Score Distribution

Percentile by Number Answered

Percent of People with Each Score

Your Score History

You have not taken this quiz